000 00397nam a2200157Ia 4500
008 210210b1996 xxu||||| |||| 00| 0 eng d
020 _a81 259 0223 6
082 _a347 PYLF
100 _aPYLEE (M V).
245 _aFederal court of India.
260 _aND
_bVikas Publishing House Pvt Ltd.
_c1996
300 _axvi,380
650 _aFederal court of india
690 _aLaw
906 _a052272
999 _c100808
_d100808